Los judíos en España / (Record no. 11258)

MARC details
000 -LEADER
campo de control de longitud fija 01853nam a22004335i 4500
001 - NÚMERO DE CONTROL
campo de control 11258
003 - IDENTIFICADOR DE NÚMERO DE CONTROL
campo de control ES-MaACL
005 - FECHA Y HORA DE LA ÚLTIMA TRANSACCIÓN
campo de control 20250802063054.0
007 - CAMPO FIJO DE DESCRIPCIÓN FÍSICA--INFORMACIÓN GENERAL
campo de control de longitud fija t|
008 - DATOS DE LONGITUD FIJA--INFORMACIÓN GENERAL
campo de control de longitud fija 930730r19921993sp ||||0| spa j
017 ## - NÚMERO DE COPYRIGHT O DE DEPÓSITO LEGAL
Número de copyright o de depósito legal M 8263-1993
Agencia que asigna Oficina Depósito Legal Madrid
020 ## - NÚMERO INTERNACIONAL ESTÁNDAR DEL LIBRO
Número Internacional Estándar del Libro 84-7100-259-0
040 ## - FUENTE DE CATALOGACIÓN
Centro catalogador/agencia de origen M-BN
Lengua de catalogación spa
Centro/agencia transcriptor M-BN
080 ## - NÚMERO DE LA CLASIFICACIÓN DECIMAL UNIVERSAL
Número de la Clasificación Decimal Universal 9(=924:460)
100 1# - ENTRADA PRINCIPAL--NOMBRE DE PERSONA
Nombre de persona Beinart, Haim
Término indicativo de función/relación Autor
9 (RLIN) 27072
245 14 - MENCIÓN DEL TÍTULO
Título Los judíos en España /
Mención de responsabilidad, etc. Haim Beinart
250 ## - MENCION DE EDICION
Mención de edición 2ª ed.
260 ## - PUBLICACIÓN, DISTRIBUCIÓN, ETC.
Lugar de publicación, distribución, etc. Madrid :
Nombre del editor, distribuidor, etc. MAPFRE,
Fecha de publicación, distribución, etc. 1993
300 ## - DESCRIPCIÓN FÍSICA
Extensión 262 páginas ;
Dimensiones 23 cm
490 1# - MENCIÓN DE SERIE
Mención de serie Colección América 92 ;
Designación de volumen o secuencia 8
490 1# - MENCIÓN DE SERIE
Mención de serie Colecciones MAPFRE 1492
RLIN 241455
500 ## - NOTA GENERAL
Nota general Reimp. de la 1ª ed., 1992
500 ## - NOTA GENERAL
Nota general Índices
500 ## - NOTA GENERAL
Nota general La señal
500 ## - NOTA GENERAL
Nota general Glosario
504 ## - NOTA DE BIBLIOGRAFÍA, ETC.
Nota de bibliografía, etc. Bibliografía: páginas [247]-249
505 0# - NOTA DE CONTENIDO CON FORMATO
Nota de contenido con formato Los comienzos; Los judíos en la península durante el reino visigodo; Los judíos bajo gobierno musulmán; Los judíos en la parte cristiana de la península (siglos IX-XII); Los judíos en España a partir del siglo XIII; La sociedad hispano-judía y sus rasgos sociales; Siglo XIV: comienzos del estancamiento y declive; Los judíos durante la guerra de los hermanos; Aragón y Castilla en el siglo XV; Los Reyes Católicos; La expulsión
530 ## - NOTA DISPONIBLE DE FORMULARIO FÍSICO ADICIONAL
Nota de formato físico adicional disponible Disponible en formato digital
650 #4 - PUNTO DE ACCESO ADICIONAL DE MATERIA--TÉRMINO DE MATERIA
Término de materia o nombre geográfico como elemento de entrada Judíos-
Subdivisión geográfica España-
Subdivisión general Historia
9 (RLIN) 13985
710 2# - ENTRADA AGREGADA--NOMBRE DE ENTIDAD CORPORATIVA
Nombre de entidad corporativa o nombre de jurisdicción como elemento de entrada Fundación MAPFRE América
Término indicativo de función/relación entidad responsable
9 (RLIN) 4363
710 2# - ENTRADA AGREGADA--NOMBRE DE ENTIDAD CORPORATIVA
Nombre de entidad corporativa o nombre de jurisdicción como elemento de entrada Fundación MAPFRE
Término indicativo de función/relación Editor
9 (RLIN) 4362
830 #0 - PUNTO DE ACCESO ADICIONAL DE SERIE-TÍTULO UNIFORME
Título uniforme Colección América 92 ;
Designación de volumen o secuencia 8
9 (RLIN) 178984
830 #0 - PUNTO DE ACCESO ADICIONAL DE SERIE-TÍTULO UNIFORME
Título uniforme Colecciones MAPFRE 1492
9 (RLIN) 241455
852 ## - LOCALIZACIÓN
Ubicación ES-MaACL
Sublocalización o colección R.124106
Ubicación en estantería Depósito 2
Número de control de estantería L-18603
856 ## - LOCALIZACIÓN Y ACCESO ELECTRÓNICOS
Identificador Uniforme de Recursos <a href="http://hdl.handle.net/10357/65649">http://hdl.handle.net/10357/65649</a>
Texto de enlace Versión en línea
Nota pública (Memoria Digital Vasca = Euskal Memoria Digitala)
942 ## - ELEMENTOS DE ENTRADA SECUNDARIOS (KOHA)
Fuente del sistema de clasificación o colocación Clasificación decimal universal
Tipo de ítem Koha Libro impreso
Suprimir en OPAC No
Holdings
Estatus retirado Estado de pérdida Fuente del sistema de clasificación o colocación Estado de daño No para préstamo Colección Biblioteca de origen Biblioteca actual Ubicación en estantería Fecha de adquisición Total de préstamos Signatura topográfica completa Código de barras Visto por última vez Tipo de ítem Koha
    Clasificación decimal universal     Colección digital Biblioteca del Ateneo de Madrid Biblioteca del Ateneo de Madrid Depósito 2 17/01/2008   L-18603 1011481 23/02/2023 Libro impreso